Progress in property (Record no. 107870)

MARC details
000 -LEADER
fixed length control field 00680cam a22001935a 4500
001 - CONTROL NUMBER
control field L142373
008 - FIXED-LENGTH DATA ELEMENTS--GENERAL INFORMATION
fixed length control field 080211s1971 xxka f 000 0 eng d
035 ## - SYSTEM CONTROL NUMBER
System control number (Sirsi) u142373
041 0# - LANGUAGE CODE
Language code of text/sound track or separate title eng
050 04 - LIBRARY OF CONGRESS CALL NUMBER
Classification number 920 $2 18
110 2# - MAIN ENTRY--CORPORATE NAME
Corporate name or jurisdiction name as entry element Jones Lang Wootton
9 (RLIN) 2909
245 00 - TITLE STATEMENT
Title Progress in property
260 ## - PUBLICATION, DISTRIBUTION, ETC.
Place of publication, distribution, etc. [London]
Name of publisher, distributor, etc. Jones, Land, Wootton
Date of publication, distribution, etc. 1971
300 ## - PHYSICAL DESCRIPTION
Extent 96p.
Other physical details ill., some col.
Dimensions 29cm.
520 ## - SUMMARY, ETC.
Summary, etc. Produced for distribution to clients only, this publication sets out the services offered by Jones, Lang, Wootton, and describes recent projects undertaken by the firm.
651 #4 - SUBJECT ADDED ENTRY--GEOGRAPHIC NAME
Geographic name United Kingdom
Chronological subdivision
690 ## - LOCAL SUBJECT ADDED ENTRY--TOPICAL TERM (OCLC, RLIN)
Topical term or geographic name as entry element ABOUT RICS-RICS MEMBERS-CHARTERED SURVEYORS
942 ## - ADDED ENTRY ELEMENTS (KOHA)
Suppress in OPAC 0
Holdings
Withdrawn status Lost status Source of classification or shelving scheme Damaged status Not for loan Home library Current library Shelving location Date acquired Total Checkouts Full call number Barcode Date last seen Copy number Price effective from Koha item type
    Dewey Decimal Classification     London London Reference copy 11/02/2008   920 JON 30072602 06/08/2019 1 06/08/2019 Book